LEADER 00529naa a2200133 i 4500 001 000000319945 003 CaOOAMICUS 005 20180831173317.0 008 180831n it u000 u ita u 013 $a29796 040 $aSeMil$bita 245 10$aCelebrare la riconciliazione. 773 0 $aMartini, Carlo Maria $t"difficile" riconciliazione.$dMilano : Àncora, 1996.$kStrumenti per il lavoro pastorale$z88-7610-585-9$gp.143-162$w()184681 996 $6245$aCelebrare la riconciliazione$9(OLS)http://semarc/title/372420 LEADER 01219nam a2200289 i 4500 001 000000038422 003 CaOOAMICUS 005 20210705142011.0 008 100804s1981 it u000 u ita u 013 $a9007 040 $aSeMil$bita 100 1 $aAdler, Alfred,$d<1870-1937>.$0(OLS)http://semarc/name/18439 240 10$aÜber den nervösen Charakter.$0(OLS)http://semarc/title/54220 245 13$aIl temperamento nervoso /$cAlfred Adler ; introduzione di Francesco Parenti. 264 1$aLa Spezia :$bClub del libro F.lli Melita,$c1981. 300 $a310 p. ;$c22 cm. 490 1 $aSaggistica ;$v14 650 4$aPsicanalisi.$0(OLS)http://semarc/subject/1341 650 4$aNeurosi.$0(OLS)http://semarc/subject/7792 700 1 $aParenti, Francesco <1925-1990>.$0(OLS)http://semarc/name/12627 830 0$aSaggistica ;$v14.$0(OLS)http://semarc/title/419677 850 $aSeMil 852 $aSeMil$W1$xVenegono$y1$m2O III 308$j4577$B4577$CSeMilBibl$Z2$F4577 $81 961 $aOmaggio: Donazione 996 $6245$aIl temperamento nervoso$9(OLS)http://semarc/title/54219 996 $6264$aLa Spezia :$bClub del libro F.lli Melita$9(OLS)http://semarc/publisher/35963